Pomôcka na riešenie nečakaných krízových situácií

Gespeichert in:
Bibliographische Detailangaben
1. Verfasser: Grell, Michal
Weitere Verfasser: Gajdošík, Ivan
Format: Buchkapitel
Sprache:Slowakisch
Tags: Tag hinzufügen
Keine Tags, Fügen Sie das erste Tag hinzu!

MARC

LEADER 00000naa$a2200000$$$4500
001 0111730
005 20240502072234.2
041 0 |a slo 
044 |a SK 
245 1 0 |a Pomôcka na riešenie nečakaných krízových situácií  |c Michal Grell, Ivan Gajdošík 
100 1 |a Grell, Michal 
700 1 |a Gajdošík, Ivan